| 000 | 00505nam a22001937a 4500 | ||
|---|---|---|---|
| 003 | OSt | ||
| 005 | 20260324020056.0 | ||
| 008 | 160822b xxu||||| |||| 00| 0 eng d | ||
| 020 | _a0340762373 | ||
| 040 | _cDNLM. | ||
| 082 | _aWE250W141c 2002. | ||
| 100 |
_aWales,K.H,Jerry; _910824 |
||
| 245 | _aClinicians' Guide to Growth Disorders. | ||
| 260 |
_aLondon. _bAnold; _c2002. |
||
| 300 |
_avii,158p; _bCol,ill; _c24cm. |
||
| 504 | _aincludes index. | ||
| 650 |
_aGrowth. _94327 |
||
| 942 |
_2ddc _cO_SHELF _01 |
||
| 999 |
_c5047 _d5047 |
||